000 00372nam a2200169 a 4500
020 _a8172249519
041 _aENG
082 0 0 _a291
_bOSH
100 _aOsho,
245 _aThe White Lotus
260 _aMumbai
_bJaico Pub.House
_c2008
300 _a359p
500 _aincludes index and biblioraphy
650 _aSpirituality
700 1 _aOsho,
942 _cBK
999 _c14196
_d14196